Türk devrim tarihi: (Record no. 14478)

MARC details
000 -BAŞLIK
Sabit Uzunlukta Kontrol Alanı 00967nam a22002897a 4500
999 ## - SİSTEM KONTROL NUMARALARI (KOHA)
Koha Biblionumber 14478
Koha Biblioitemnumber 14478
003 - KONTROL NUMARASI IDENTIFIER
Denetim Alanı MIRAKIL
005 - SON İŞLEM TARİHİ VE ZAMANI
Denetim Alanı 20210813143349.0
008 - SABİT-BOY VERİ ELEMANLARI - GENEL BİLGİLER
Sabit Uzunlukta Kontrol Alanı 210813b tu ||||| |||| 00| 0 tur d
020 ## - ULUSLARARASI STANDART KİTAP NUMARASI
Uluslararası Standart Kitap Numarası 9754942781 (tk.)
020 ## - ULUSLARARASI STANDART KİTAP NUMARASI
Uluslararası Standart Kitap Numarası 9754943036 (2c)
040 ## - KATALOGLAMA KAYNAK
Orijinal Kataloglama Ajansı TR-AnCHP
Kataloglama Dili tur
Metne Dönüştürmek Ajansı TR-AnCHP
041 ## - DİL KODU
Metin / Ses Parça Veya Ayrı Başlığın Dil Kodu Tur
082 ## - DEWEY ONLU SINIFLANDIRMA NUMARASI
Sınıflandırma Numarası 956.102
Ürün Numarası T86t 1992
100 1# - ANA GİRİŞ - KİŞİSEL İSİM
Kişisel Ad Turan, Şerafettin
Bir Adıyla İlişkilendirilen Tarihler 1925-2015
245 ## - BAŞLIK TABLOSU
Başlık Türk devrim tarihi:
Başlığın Kalan Ulusal direnişten Türkiye Cumhuriyeti'ne/
Sorumluluk Tablosu, Vb Şerafettin Turan.
246 ## - UNVAN FORM VARYING
Başlık Doğru / Kısa Başlığı Ulusal direnişten Türkiye Cumhuriyeti'ne
260 ## - YAYIN, DAĞITIM, VB
Yayın, Dağıtım, Vb Yeri Ankara:
Yayıncı, Dağıtıcı, Vs Adı Bilgi Yayınevi,
Yayın, Dağıtım, Vb Tarihi 1992.
300 ## - FİZİKSEL TANIM
Kapsam 341 s.:
Boyutlar 23 sm.
490 0# - SERİSİ TABLOSU
Seri Beyanı Bilgi Yayınları;
-- Özel Dizi;
Hacim / Ardışık Tanımı 28/2.
504 ## - KAYNAKÇA VB NOT
Kaynakça Vb Notu Kaynakça ve dizin vardır.
651 ## - KONU KATMA GİRİŞ - COĞRAFİ ADI
Coğrafi İsim Türkiye
Genel Alt Bölümü Tarih
-- Devrim
Kronolojik Alt Bölümü Kurtuluş Savaşı, 1918-1923
651 ## - KONU KATMA GİRİŞ - COĞRAFİ ADI
Coğrafi İsim Türkiye
Genel Alt Bölümü Tarih
651 ## - KONU KATMA GİRİŞ - COĞRAFİ ADI
Coğrafi İsim Türkiye
Genel Alt Bölümü Siyaset ve yönetim
Kronolojik Alt Bölümü Tarih
740 ## - KATMA GİRİŞ - KONTROLSUZ İLGİLİ / ANALİTİK BAŞLIK
Kontrol Edilmeyen / İlgili Analitik Başlıktaki Ulusal direnişten Türkiye Cumhuriyeti'ne
942 ## - EKLENDİ GİRİŞ ELEMANLARI (KOHA)
Sınıflandırma Veya Raf Düzeni Kaynak Dewey Decimal Classification
Koha Öğesi Türü Books
999 ## - SİSTEM KONTROL NUMARALARI (KOHA)
Koha Biblioitemnumber 14478
Holdings
Kalıcı Konum Mevcut Konum Edinme Tarihi Toplam Check-Out'Lar Tam Çağrı Numarası Barkod Tarih Son Görülme Kopya Sayısı İtibaren Geçerli Fiyatlar Sigara Kamu Notu Koha Öğesi Türü
CHP Kütüphanesi CHP Kütüphanesi 08/13/2021   956.102 T86t 1992 019973 08/13/2021 c.2 08/13/2021 Emin Değer Bağışıdır. Books